000 01090cam a22003253a 4500
001 21268
003 PGUSA
005 20140828083443.0
008 070502s2007||||xxu|||||s|||||000 1 eng d
040 _aPGUSA
_beng
042 _adc
050 4 _aPZ
100 1 _aOtis, James,
_d1848-1912
245 1 4 _aThe Search for the Silver City :
_bA Tale of Adventure in Yucatan
_h[electronic resource] /
_cJames Otis
260 _bProject Gutenberg,
_c2007
506 _aPublic domain in the USA.
516 _aElectronic text
653 _aYucatán (Mexico : State) -- Juvenile fiction
653 _aIndians of North America -- Juvenile fiction
653 _aVoyages and travels -- Juvenile fiction
653 _aAdventure stories
653 _aSailing -- Juvenile fiction
653 _aSeafaring life -- Juvenile fiction
653 _aConduct of life -- Juvenile fiction
653 _aBrothers and sisters -- Juvenile fiction
653 _aAccidents -- Juvenile fiction
830 0 _aProject Gutenberg
_v21268
856 4 0 _uhttp://www.gutenberg.org/ebooks/21268
942 _cEB
999 _c250523
_d250523